| 000 | 02770cad a22002895a 4500 | ||
|---|---|---|---|
| 001 | L144434 | ||
| 008 | 110419s20080716xxk f f000 0 eng d | ||
| 035 | _a(Sirsi) u144434 | ||
| 041 | 0 | _aeng | |
| 050 | 0 | 4 | _a306 $2 18 |
| 110 | 2 |
_aUnited Kingdom _bDepartment for Communities and Local Government _94939 |
|
| 245 | 0 | 0 |
_aFacing the housing challenge _baction today, innovation for tomorrow _h[electronic resource] |
| 260 |
_aLondon _bOPSI _c2008 |
||
| 505 | 2 | _aOne year on: progress and challenges: A record of achievement -- but there are challenges ahead. -- The government's objectives over the next year -- Flexibility and innovation -- Support for a robust, vibrant and diverse housebuilding sector -- A renewed role for local government | |
| 505 | 2 | _aResponding to uncertain times: mitigating the effects: Help for first time buyers and young families -- Next steps -- Help and advice for existing homeowners -- Next steps -- Maintaining the delivery of affordable homes | |
| 505 | 2 | _aSetting the conditions for greater long-term stability and resilience in housing supply -- More and better homes for first time buyers, social tenants and the wider community -- Growth programmes -- Eco-towns -- Rural housing -- A better deal for those who rent -- Support for homeowners - mortgage rescue schemes -- Supporting a robust sector - strengthening delivery capacity in the medium term -- Making best use of public land -- Stronger local leadership -- Planning for the longer term -- | |
| 505 | 2 | _aAnnex: government action to assist first-time buyers, existing homeowners and the development industry | |
| 520 | _aDocument sets out some immediate steps being taken by the government in response to the current housing market, several of which are focused around redressing the balance of housing affordability. Measures include a new scheme to support first time buyers into affordable home ownership by renting first and buying later; the launch of the first local housing companies, ensuring that local authorities once again play a central role in delivering new housing and confirming that funding beyond the £200m already allocated to buy unsold stock from housebuilders for affordable homes could be made available to housebuilders for the purchase of suitable properties. | ||
| 521 | _aAdvanced | ||
| 590 | _aKA NTK | ||
| 650 | 2 | 4 | _aGREEN PAPER HOMES FOR THE FUTURE: MORE AFFORDABLE, MORE SUSTAINABLE |
| 650 | 2 | 4 | _aCALLCUTT REVIEW OF HOUSE BUILDING DELIVERY |
| 651 | 4 |
_aEngland and Wales _y1543- |
|
| 690 |
_aResidential property _96266 |
||
| 856 | 4 | 0 |
_uhttps://tna.europarchive.org/20100519231624/http://www.communities.gov.uk/publications/housing/facinghousingchallenge _zView the item free of charge at http://tna.europarchive.org |
| 942 | _n0 | ||
| 999 |
_c108509 _d108509 |
||